| 000 | 00566nam a22001817a 4500 | ||
|---|---|---|---|
| 005 | 20230912103253.0 | ||
| 010 | _aENG-137837 | ||
| 020 | _c1199.00 | ||
| 035 | _aEN-121369 | ||
| 037 | _bDBAD/PUB | ||
| 082 | _a338 | ||
| 100 |
_aReddy,Sabbella Sivannarayana _956263 |
||
| 245 |
_aEast Godavari Yatra / _cby Sabbella Sivannarayana Reddy |
||
| 260 |
_aKakinada _bShri Vinayak Publication _c2013 |
||
| 270 |
_a Sudhita Book Centre ,Opp. Super Bazar Main Road _bKakinada _k9848095060 |
||
| 300 |
_a183p. _c28cm(hbk) |
||
| 942 |
_2ddc _cEN _mRED _h338 |
||
| 999 |
_c197287 _d197287 |
||